| 000 | 00559pam a2200205 a 4500 | ||
|---|---|---|---|
| 020 | _c | ||
| 040 | _aMedical College Lib. | ||
| 041 |
_aENG _hENG |
||
| 082 |
_a614.1 _bACL |
||
| 100 | _aAm. Coll. of Med. , . | ||
| 245 |
_aLegal Medicine Legal Dynamics of Medical Encunters / _c _hTextual Documents |
||
| 250 |
_a2nd / _b. |
||
| 260 |
_a : _bMosby Year Book , _c1991. |
||
| 300 |
_a79 ; _c |
||
| 365 | _a4361=00 | ||
| 653 |
_aMedical Science _aForensic Medicine |
||
| 930 | _a5319 | ||
| 999 |
_c5318 _d5318 |
||